000 00455nam a2200181Ia 4500
001 4011
005 20260306145725.0
008 260306t1983||||xx |||||||||||||| ||spa||
041 _aESP
082 _a306.43
_bM98
100 _aMusgrave, P.W.
_eAUT
245 0 _aSociología de la educación:
_bNueva edición ampliada y revisada
260 _c1983
300 _a515 páginas :
_c21 cm.
650 _aGEN
654 _aCHU
942 _cLIB
_dJUS
_fJUS
_2ddc
_n
999 _c4011
_d4011